[Event "Lasker mem"]
[Site "Berlin"]
[Date "1989.??.??"]
[Round "8"]
[White "Feick, Stefan"]
[Black "Gruenberg, Hans Ulrich"]
[Result "0-1"]
[WhiteElo "2380"]
[BlackElo "2510"]

1.d4 Nf6 2.c4 g6 3.Nc3 Bg7 4.e4 d6 5.Nf3 O-O 6.Be2 e5 7.O-O Nc6 8.d5 Ne7
9.Ne1 Nd7 10.Nd3 f5 11.Bd2 Kh8 12.b4 Ng8 13.c5 Ndf6 14.f3 f4 15.g4 h5 16.Rf2 hxg4
17.fxg4 Nh7 18.Rg2 Rf7 19.cxd6 cxd6 20.Bf3 Bf8 21.Be1 Be7 22.Rc1 Bd7 23.Kh1 Bh4
24.Bd2 Be7 25.a4 Ng5 26.Kg1 Rh7 27.Nf2 Nf6 28.Be1 Kg7 29.Nb1 Bxa4  0-1

[Event "Lasker mem"]
[Site "Berlin"]
[Date "1989.??.??"]
[Round "9"]
[White "Schlosser, Philipp"]
[Black "Berg, Klaus"]
[Result "1-0"]
[WhiteElo "2475"]
[BlackElo "2420"]

1.d4 Nf6 2.Nf3 g6 3.c4 Bg7 4.Nc3 O-O 5.e4 d6 6.Be2 e5 7.O-O Nc6 8.d5 Ne7
9.Ne1 Nd7 10.Nd3 f5 11.Bd2 Nf6 12.f3 Kh8 13.Rc1 c6 14.dxc6 Nxc6 15.Be3 Be6
16.b3 Nd4 17.Nf2 Nxe2+ 18.Qxe2 f4 19.Bd2 g5 20.Rfd1 Rg8 21.c5 Bf8 22.g4 fxg3
23.hxg3 g4 24.cxd6 Nh5 25.fxg4 Nxg3 26.Qf3 Qh4 27.g5 Nh5 28.Qh1 Rxg5+ 29.Bxg5 Qxg5+
30.Qg2 Qf6 31.Nd5 Bxd5 32.exd5 Nf4 33.Qg4 h5 34.Ne4 Qh6 35.Qf3 Bxd6 36.Kh1 Rf8
37.Rg1 Ba3 38.Rc7 Nxd5 39.Rf7 Nf4 40.Ng5 Ne6 41.Rxf8+  1-0

[Event "Bern op"]
[Site "Bern"]
[Date "1989.??.??"]
[Round "?"]
[White "Barbero, Gerardo F"]
[Black "Gallagher, Joseph G"]
[Result "0-1"]
[WhiteElo "2495"]
[BlackElo "2405"]

1.d4 Nf6 2.c4 g6 3.Nc3 Bg7 4.e4 d6 5.Nf3 O-O 6.Be2 e5 7.O-O Nc6 8.d5 Ne7
9.Ne1 Nd7 10.Nd3 f5 11.Bd2 Nf6 12.f3 Kh8 13.Rc1 Neg8 14.exf5 gxf5 15.f4 e4
16.Nf2 c5 17.dxc6 bxc6 18.Be3 Be6 19.Qa4 Qc7 20.Rfd1 Rfd8 21.b4 Ne7 22.Rd2 d5
23.c5 d4 24.Bxd4 Qxf4 25.Rcd1 Rg8 26.g3 Qh6 27.Rc2 Nfd5 28.Nxd5 Bxd5 29.b5 f4
30.Nxe4 fxg3 31.Nxg3 Nf5 32.Bxg7+ Rxg7 33.Bg4  0-1

[Event "Biel"]
[Site "Biel"]
[Date "1989.??.??"]
[Round "?"]
[White "Polugaevsky, Lev"]
[Black "Hellers, Ferdinand"]
[Result "1-0"]
[WhiteElo "2595"]
[BlackElo "2560"]

1.c4 Nf6 2.Nc3 g6 3.d4 d6 4.e4 Bg7 5.Be2 O-O 6.Nf3 e5 7.O-O Nc6 8.d5 Ne7
9.Nd2 a5 10.a3 Nd7 11.Rb1 f5 12.b4 Kh8 13.f3 f4 14.Na4 axb4 15.axb4 c6 16.Bb2 Nf6
17.dxc6 Nxc6 18.c5 dxc5 19.Nxc5 Nd4 20.Nc4 Nh5 21.Rf2 b6 22.Nd3 Ng3 23.Bf1 Nxf1
24.Rxf1 Ra2 25.b5 Be6 26.Ndxe5 Rxb2 27.Rxb2 Bxc4 28.Nxc4 Qc7 29.Qd3 Rc8 30.Ra2 Qc5
31.Kh1 Nxb5 32.e5 Bxe5 33.Nxe5 Qxe5 34.Re2 Qc5 35.Qd7 Qc4 36.Rfe1 Nd6 37.Re7  1-0

[Event "Biel op"]
[Site "Biel"]
[Date "1989.??.??"]
[Round "3"]
[White "Pekarek, Ales"]
[Black "Tischer, Guenter"]
[Result "1-0"]
[WhiteElo "2470"]
[BlackElo "2340"]

1.d4 Nf6 2.Nf3 g6 3.c4 Bg7 4.Nc3 d6 5.e4 O-O 6.Be2 e5 7.O-O Nc6 8.d5 Ne7
9.Bd2 Nd7 10.Rc1 f5 11.Ng5 Nf6 12.c5 h6 13.cxd6 cxd6 14.Ne6 Bxe6 15.dxe6 fxe4
16.Qb3 Qb6 17.Nb5 Rfc8 18.Be3 Qd8 19.Rxc8 Rxc8 20.Nxa7 Ra8 21.Rd1 Qb8 22.Nb5 d5
23.Bc5 Nf5 24.e7 Kh7 25.Rxd5 Nxd5 26.Qxd5 e3 27.g4 exf2+ 28.Kf1 Nxe7 29.Bxe7 e4
30.Nd6 Qa7 31.Qxe4 Qa5 32.Qxg6+ Kh8 33.b4 Qd5 34.Nf7+ Kg8 35.Nxh6+ Kh8 36.Nf7+ Kg8
37.Nh6+ Kh8 38.Qd6 Qh1+ 39.Kxf2 Rxa2 40.Bf6 Rxe2+ 41.Kxe2 Qxh2+ 42.Ke3 Qg1+
43.Ke4  1-0

[Event "Biel op"]
[Site "Biel"]
[Date "1989.??.??"]
[Round "3"]
[White "Shabtai, Ran"]
[Black "Komljenovic, Davor"]
[Result "0-1"]
[WhiteElo "2335"]
[BlackElo "2470"]

1.d4 Nf6 2.Nf3 g6 3.c4 Bg7 4.Nc3 O-O 5.e4 d6 6.Be2 e5 7.O-O Nc6 8.d5 Ne7
9.Ne1 Nd7 10.Nd3 f5 11.f3 f4 12.g4 g5 13.Bd2 h5 14.h3 Rf6 15.b4 Rh6 16.Kg2 Ng6
17.Rh1 Nh4+ 18.Kf2 Bf8 19.Rc1 a5 20.a3 c6 21.dxc6 bxc6 22.Qb3 Kg7 23.Na4 axb4
24.axb4 Nf6 25.c5 Be6 26.Qc2 d5 27.exd5 Qxd5 28.Bc3 hxg4 29.Nxe5 Bf5 30.Qd1 g3+
31.Kg1 Kh7 32.Nb2 Qxd1+ 33.Rxd1 Nd5 34.Bd4 Nxb4 35.Bc4 Nc2  0-1

[Event "Elekes mem"]
[Site "Budapest"]
[Date "1989.??.??"]
[Round "?"]
[White "Hansen, Lars Bo"]
[Black "Timoshchenko, Gennadi A"]
[Result "0-1"]
[WhiteElo "2540"]
[BlackElo "2460"]

1.d4 Nf6 2.c4 g6 3.Nc3 Bg7 4.e4 d6 5.Nf3 O-O 6.Be2 e5 7.O-O Nc6 8.d5 Ne7
9.Nd2 a5 10.a3 Nd7 11.Rb1 f5 12.b4 axb4 13.axb4 Nf6 14.f3 g5 15.Qc2 f4 16.c5 Ng6
17.Nb5 Rf7 18.Bb2 g4 19.Ra1 Rb8 20.fxg4 Nxg4 21.Bxg4 Bxg4 22.Rf2 Bf8 23.Na7 Be7
24.c6 Bh4 25.Rff1 Be2 26.cxb7 Rxb7 27.Nc6 Qf8 28.Rfb1 Rg7 29.Kh1 Ne7 30.Qb3 Kh8
31.Nxe7 Bxe7 32.Nf3 Bf6 33.Re1 Bb5 34.Ra5 Rb8 35.Ra7 Qf7 36.Qc2 Rbg8 37.Rc1 Rxg2
38.Qxg2 Rxg2 39.Kxg2 Qg6+ 40.Kf2 Qxe4 41.Rb7 Qe3+ 42.Kg2 Be2  0-1

[Event "Elekes mem"]
[Site "Budapest"]
[Date "1989.??.??"]
[Round "?"]
[White "Lutz, Christopher"]
[Black "Timoshchenko, Gennadi A"]
[Result "1-0"]
[WhiteElo "2375"]
[BlackElo "2460"]

1.d4 Nf6 2.c4 g6 3.Nc3 Bg7 4.e4 d6 5.Nf3 O-O 6.Be2 e5 7.O-O Nc6 8.d5 Ne7
9.Ne1 Nd7 10.Nd3 f5 11.Bd2 Nf6 12.f3 f4 13.g4 g5 14.Be1 h5 15.h3 Ng6 16.Kg2 Rf7
17.a4 hxg4 18.hxg4 Nh4+ 19.Bxh4 gxh4 20.Rh1 Nh7 21.a5 Ng5 22.Nf2 a6 23.b4 Bf8
24.Qd3 Rh7 25.Nh3 Nxh3 26.Rxh3 Bd7 27.Bd1 Kh8 28.Ba4 c6 29.Rhh1 Rc8 30.Kh3 Be8
31.Rhb1 Qc7 32.Qd2 Bf7 33.Bb3 c5 34.b5 Ra8 35.Na4 Be7 36.Nb6 Rg8 37.bxa6 bxa6
38.Ba4 Rd8 39.Bc6 Be8 40.Bxe8 Rxe8 41.Qa2 Rb8 42.Qa4 Bf8 43.Qc6 Qd8 44.Na4 Ra7
45.Rxb8 Qxb8 46.Nb6 Rc7 47.Qa4 Be7 48.Rb1 Kg7 49.Qb3 Rb7 50.Qa2 Kf7 51.Nd7 Rxb1
52.Nxb8 Rxb8 53.Qa4 Rb2 54.Qd7 Rf2 55.g5 Rxf3+ 56.Kh2 Rg3 57.Qe6+ Ke8 58.g6 f3
59.Qf7+ Kd7 60.g7 f2 61.Qe6+  1-0

[Event "Noviki-C"]
[Site "Budapest"]
[Date "1989.??.??"]
[Round "?"]
[White "Bordas, Gyula"]
[Black "Pirisi, Gabor"]
[Result "1/2-1/2"]
[WhiteElo "2255"]
[BlackElo "2390"]

1.c4 g6 2.Nc3 Bg7 3.d4 d6 4.e4 Nf6 5.Be2 O-O 6.Nf3 e5 7.O-O Nc6 8.d5 Ne7
9.Ne1 Nd7 10.f3 f5 11.g4 Kh8 12.Be3 Ng8 13.Qd2 f4 14.Bf2 h5 15.h3 Bf6 16.Nd3 Bh4
17.Qe1 Bxf2+ 18.Rxf2 Nh6 19.b4 Nf7 20.Rh2 Nf6 21.Kh1 Kg7 22.Qg1 Ng5 23.Nf2 hxg4
24.hxg4 Bd7 25.Nh3 Nxh3 26.Rxh3 Qe7 27.Kg2 c6 28.Qh2 Rh8 29.Rh1 Rxh3 30.Qxh3 Kf7
31.Qh4 Qd8 32.c5 dxc5 33.dxc6 bxc6 34.Qg5 Qe7 35.Bc4+ Be6 36.Nd5 cxd5 37.exd5 Bxd5
38.Bxd5+ Nxd5 39.Rh7+ Ke6 40.Rxe7+ Nxe7 41.bxc5 Rc8 42.Qh6 Rxc5 43.g5 Rc2+
44.Kg1 Rxa2 45.Qg7 Ra5 46.Qf8 Rd5 47.Qf6+ Kd7 48.Qa6 Nc6 49.Qb7+ Kd6 50.Qf7 Ne7
51.Qf6+ Kd7 52.Qa6 Nc6 53.Qb7+ Kd6 54.Qf7 Ne7 55.Qf6+ Kd7 56.Qa6  1/2-1/2

[Event "Buenos Aires TB"]
[Site "Buenos Aires"]
[Date "1989.??.??"]
[Round "?"]
[White "Toledo, Francisco J"]
[Black "Fiorito, Fabian"]
[Result "1-0"]
[WhiteElo "2300"]
[BlackElo "2305"]

1.d4 Nf6 2.c4 g6 3.Nc3 Bg7 4.e4 d6 5.Be2 O-O 6.Nf3 e5 7.O-O Nc6 8.d5 Ne7
9.Ne1 Nd7 10.Nd3 f5 11.Bd2 c5 12.Rb1 Nf6 13.f3 f4 14.b4 b6 15.bxc5 bxc5 16.Nb5 g5
17.Qe1 a5 18.Rb3 g4 19.Ra3 a4 20.Bd1 gxf3 21.Bxf3 Ng6 22.Nb2 Ng4 23.Rxa4 Rxa4
24.Nxa4 Nh4 25.h3 h5 26.Qe2 Nf6 27.Be1 Ng6 28.Bf2 Nh7 29.Bxh5 f3 30.Bxf3 Nf4
31.Qd1 Rf6 32.Bg3 Rg6 33.Bg4 Bxg4 34.hxg4 Qg5 35.Nac3 Nf6 36.Nxd6 Nxg4 37.Nf5 Ne3
38.Qf3 Nxf1 39.Kxf1 Nh5 40.Be1 Nf4 41.g3 Nh5 42.d6 Bf8 43.d7 Ng7 44.Qd3 Ne6
45.Nb5 Nd4 46.Nbxd4 exd4 47.Ba5 Qc1+ 48.Kf2 Rb6 49.d8=Q Rb2+ 50.Kf3 Rh2 51.Kg4 Qh1
52.Qg5+ Kh8 53.Qf6+ Kg8 54.Qg6+ Kh8 55.Bd8  1-0

[Event "Buenos Aires TB"]
[Site "Buenos Aires"]
[Date "1989.??.??"]
[Round "?"]
[White "Fiorito, Fabian"]
[Black "Zarnicki, Pablo"]
[Result "1-0"]
[WhiteElo "2305"]
[BlackElo "2385"]

1.d4 Nf6 2.c4 g6 3.Nc3 Bg7 4.Nf3 O-O 5.e4 d6 6.Be2 e5 7.O-O Nc6 8.d5 Ne7
9.Ne1 Nd7 10.Be3 f5 11.f3 f4 12.Bf2 g5 13.b4 Rf6 14.c5 Rh6 15.cxd6 cxd6 16.Nb5 b6
17.Rc1 Qe8 18.g4 fxg3 19.Bxg3 Qg6 20.Rc6 Nxc6 21.dxc6 Nf8 22.c7 Qf7 23.Nxd6 Qxc7
24.Qd5+ Be6 25.Qxa8 Qxd6 26.Nd3 Bc4 27.Rd1 Qe7 28.Nf4 gxf4 29.Bxc4+ Kh8 30.Qd5 Ne6
31.Qd6 Qe8 32.Bxe6 Rxe6 33.Qc7 Bf6 34.Bf2 Re7 35.Qd6 Rg7+ 36.Kh1 Rg6 37.Rg1 Bg5
38.Qd5 Rg7 39.Rg4 Rd7 40.Qb3 Qd8 41.Qe6 Qe7 42.Qf5 Bf6 43.Rg1 Rd2 44.Qg4 Bg7
45.Bh4 Qd7 46.Qh5 Qe6 47.a4 Rd4 48.Qf5 Qd6 49.Qf7  1-0

[Event "Buenos Aires TB"]
[Site "Buenos Aires"]
[Date "1989.??.??"]
[Round "?"]
[White "Cid, Marino Alejandro"]
[Black "Fiorito, Fabian"]
[Result "0-1"]
[WhiteElo "2285"]
[BlackElo "2305"]

1.d4 Nf6 2.c4 g6 3.Nc3 Bg7 4.e4 d6 5.Nf3 O-O 6.Be2 e5 7.O-O Nc6 8.Be3 Ng4
9.Bg5 f6 10.Bc1 Nh6 11.dxe5 dxe5 12.Qd5+ Nf7 13.Rd1 Qe8 14.Be3 Be6 15.Qd2 Nfd8
16.Nd5 Rf7 17.c5 Bg4 18.Ne1 Bxe2 19.Qxe2 Ne6 20.Nc2 f5 21.f3 fxe4 22.fxe4 Ncd4
23.Qc4 c6 24.Ndb4 Qe7 25.Nd3 Raf8 26.Bxd4 exd4 27.Rf1 Kh8 28.Rae1 Nf4 29.Nxf4 Rxf4
30.Nxd4 Qf7 31.Ne6 Qxe6 32.Qxe6 Bd4+  0-1

[Event "Buenos Aires BCA op"]
[Site "Buenos Aires"]
[Date "1989.??.??"]
[Round "4"]
[White "Glavina, Pablo"]
[Black "Rodriguez, Jorge Luis"]
[Result "1-0"]
[WhiteElo "2365"]
[BlackElo "2265"]

1.d4 Nf6 2.Nf3 g6 3.c4 Bg7 4.Nc3 O-O 5.e4 d6 6.Be2 e5 7.O-O Nc6 8.d5 Ne7
9.Nd2 a5 10.a3 Bd7 11.b3 Nc8 12.Rb1 Nb6 13.Qc2 Ne8 14.b4 axb4 15.axb4 Na4
16.Nxa4 Bxa4 17.Qc3 Bd7 18.c5 f5 19.c6 Bc8 20.cxb7 Bxb7 21.f3 Nf6 22.Qc4 f4
23.Nb3 g5 24.Bd2 h5 25.Rfc1 Ne8 26.Ra1 Rxa1 27.Rxa1 Nf6 28.Na5 Bc8 29.Nc6 Qd7
30.Ra7 Rf7 31.b5 Qe8 32.Ra8 Qd7 33.Na7 Rf8 34.Qc6 Qxc6 35.bxc6 Bf5 36.Rxf8+ Kxf8
37.Ba5 Nxd5 38.exd5 e4 39.Nb5 g4 40.Bxc7 gxf3 41.Bxd6+  1-0

[Event "Buenos Aires BCA op"]
[Site "Buenos Aires"]
[Date "1989.??.??"]
[Round "6"]
[White "Servat, Roberto"]
[Black "Garcia, Raimundo"]
[Result "0-1"]
[WhiteElo "2445"]
[BlackElo "2380"]

1.d4 Nf6 2.c4 g6 3.Nc3 Bg7 4.e4 d6 5.Be2 O-O 6.Nf3 e5 7.O-O Nc6 8.d5 Ne7
9.Ne1 Nd7 10.Nd3 f5 11.Bd2 Nf6 12.f3 f4 13.g4 g5 14.Be1 Ng6 15.Kg2 h5 16.h3 Kf7
17.Bf2 hxg4 18.hxg4 Nh4+ 19.Bxh4 gxh4 20.Rh1 Nh7 21.Nf2 Bf6 22.b4 a5 23.a3 h3+
24.Nxh3 Bh4 25.c5 Rh8 26.Nb5 Nf8 27.Rc1 axb4 28.cxd6 cxd6 29.Rc7+ Kg8 30.axb4 Ng6
31.Qc2 Bg3 32.Rc1 Bd7 33.Nxd6 Rxh3 34.Nf5 Rh2+ 35.Kf1 Bxf5 36.gxf5 Qh4  0-1

[Event "Cannes op"]
[Site "Cannes"]
[Date "1989.??.??"]
[Round "?"]
[White "Fayard, Alain"]
[Black "Murrey, Jacob"]
[Result "0-1"]
[WhiteElo "2230"]
[BlackElo "2560"]

1.d4 Nf6 2.c4 g6 3.Nc3 Bg7 4.Nf3 O-O 5.e4 d6 6.Be2 e5 7.O-O Nc6 8.d5 Ne7
9.b4 c6 10.Nd2 a5 11.bxa5 Qxa5 12.Bb2 Bd7 13.Nb3 Qc7 14.dxc6 bxc6 15.Qd2 Be6
16.Rfd1 Rfd8 17.h3 Qb6 18.Qc2 Qb4 19.Nd2 Bh6 20.Ncb1 c5 21.Nb3 Nc6 22.N1d2 Nd4
23.Bxd4 cxd4 24.Bd3 Rdc8 25.Rdb1 Ra3 26.Rb2 Qc3 27.Rc1 Qxc2 28.Rbxc2 Nd7
29.Kf1 Rca8 30.Ke2 Rxa2 31.Rxa2 Rxa2 32.Ra1 Rxa1 33.Nxa1 Bxd2 34.Kxd2 Nf6
35.Nb3 Nxe4+ 36.Bxe4 Bxc4 37.Na5 Bf1 38.g3 Bxh3 39.Nb7 g5 40.Nxd6 h5 41.Ne8 h4
42.Ke2 Be6  0-1

[Event "Cannes op"]
[Site "Cannes"]
[Date "1989.??.??"]
[Round "?"]
[White "Fayard, Alain"]
[Black "Roeder, Mathias"]
[Result "0-1"]
[WhiteElo "2230"]
[BlackElo "2365"]

1.d4 Nf6 2.c4 g6 3.Nc3 Bg7 4.Nf3 O-O 5.e4 d6 6.Be2 e5 7.O-O Nc6 8.d5 Ne7
9.b4 a5 10.bxa5 c5 11.dxc6 bxc6 12.Be3 Qxa5 13.Qxd6 Qxc3 14.Qxe7 Nxe4 15.a4 Qc2
16.Rfe1 Be6 17.Qa3 Nc3 18.Bf1 Rxa4 19.Qc5 Rxa1 20.Rxa1 Ne2+ 21.Kh1 e4 22.Nd4 Qb2
23.Rd1 Rd8 24.Bxe2 Bxd4 25.Qa5 Rb8 26.Bxd4 Qxe2 27.Re1 Qh5 28.Qc7 Rc8 29.Qf4 Qf5
30.Qh6 f6 31.Qh4 g5 32.Qxe4 Qxe4 33.Rxe4 Kf7 34.c5 Rd8 35.Bc3 Rd5 36.Bb4 Rd1+
37.Re1 Rd4 38.Ba3 Rd2 39.Kg1 Rc2 40.Rc1 Ra2 41.Bb4 h5 42.f3 Bd5 43.h3 h4
44.Be1 Kg6 45.Bf2 f5 46.Re1 Ra4 47.Re2 g4 48.fxg4 fxg4 49.hxg4 Rxg4 50.Be1 h3
51.g3 Rc4 52.Bf2 Rc1+ 53.Be1 Rxc5 54.Kh2 Bf3 55.Rf2 Bg4 56.Rf4 Rc2+ 57.Rf2 Rxf2+
58.Bxf2 Kf5 59.Kg1 Ke4 60.Bb6 Kd5 61.Bf2 c5 62.Kf1 c4 63.Be1 Ke4  0-1

[Event "Cappelle op"]
[Site "Cappelle"]
[Date "1989.??.??"]
[Round "?"]
[White "Pigott, John C"]
[Black "Georgiev, Krum"]
[Result "1/2-1/2"]
[WhiteElo "2380"]
[BlackElo "2485"]

1.c4 Nf6 2.Nc3 g6 3.e4 d6 4.d4 Bg7 5.Be2 O-O 6.Nf3 e5 7.O-O Nc6 8.d5 Ne7
9.Nd2 c5 10.Rb1 Ne8 11.b4 b6 12.bxc5 dxc5 13.a4 a5 14.Nb5 Bd7 15.Rb3 Nc8
16.Bb2 Qe7 17.Qa1 Bh6 18.Nb1 f6 19.N1a3 Rb8 20.Qb1 Ned6 21.Ba1 Nf7 22.Bd3 Rb7
23.Qb2 Qd8 24.Rb1  1/2-1/2

[Event "Chianciano tt"]
[Site "Chianciano"]
[Date "1989.??.??"]
[Round "?"]
[White "Ristic, Nenad"]
[Black "Sarno, Spartaco"]
[Result "1-0"]
[WhiteElo "2465"]
[BlackElo "2270"]

1.d4 Nf6 2.Nf3 g6 3.c4 Bg7 4.Nc3 O-O 5.e4 d6 6.Be2 e5 7.O-O Nc6 8.Be3 Ng4
9.Bg5 f6 10.Bh4 Nh6 11.dxe5 dxe5 12.c5 Be6 13.Qa4 g5 14.Bg3 g4 15.Bc4 Qe8
16.Nd5 Rf7 17.Nd2 Nd4 18.Qxe8+ Rxe8 19.Nb3 c6 20.Nxd4 exd4 21.Nc7 Bxc4 22.Nxe8 Bxf1
23.Kxf1 Rd7 24.Rd1 Kf7 25.Nd6+ Ke6 26.Rxd4 Bf8 27.Nf5 Nf7 28.Rc4 Ng5 29.Nd4+ Kf7
30.Nb3 Rd1+ 31.Ke2 Rb1 32.Rc2 Nxe4 33.Bb8 a6 34.Bf4 f5 35.Bc1 Kg6 36.f3 Nf6
37.Na5 Nd5 38.a3 Bh6 39.Bxh6 Kxh6 40.Nxb7 Rh1 41.fxg4 Rxh2 42.Kf3 fxg4+ 43.Kxg4 Ne3+
44.Kg3 Nxc2 45.Kxh2 Kg5 46.Kg3 Kf5 47.Kh4 Ne3 48.g3 Ke4 49.Kh5 Nc4 50.Nd6+  1-0

[Event "US op"]
[Site "Chicago"]
[Date "1989.??.??"]
[Round "5"]
[White "Gurevich, Dmitry"]
[Black "Kaplan, Lael"]
[Result "1-0"]
[WhiteElo "2480"]
[BlackElo "2240"]

1.d4 Nf6 2.c4 g6 3.Nc3 Bg7 4.e4 O-O 5.Be2 d6 6.Nf3 e5 7.O-O Nc6 8.d5 Ne7
9.Ne1 Nd7 10.Be3 f5 11.f3 Nf6 12.c5 f4 13.Bf2 g5 14.cxd6 cxd6 15.Rc1 Ng6
16.Nb5 Rf7 17.Nxa7 g4 18.Qb3 g3 19.Bb6 gxh2+ 20.Kxh2 Qf8 21.Nxc8 Rxc8 22.Rxc8 Qxc8
23.Nd3 Bf8 24.Rc1 Qe8 25.Nf2 Be7 26.Bb5 Qf8 27.Qc4 Qh6+ 28.Nh3 Rg7 29.Qc8+ Nf8
30.Qf5 Qh4 31.Bf2 Qh6 32.Rc8 Nh5 33.Qe6+ Qxe6 34.dxe6 Bf6 35.Be8  1-0

[Event "CUB-ch"]
[Site "?"]
[Date "1989.??.??"]
[Round "8"]
[White "Alonso, Rene"]
[Black "Pecorelli Garcia, Humberto"]
[Result "1/2-1/2"]
[WhiteElo "2335"]
[BlackElo "2325"]

1.Nf3 Nf6 2.c4 g6 3.Nc3 Bg7 4.e4 d6 5.d4 O-O 6.Be2 e5 7.O-O Nc6 8.d5 Ne7
9.Ne1 Ne8 10.Nd3 f5 11.f4 exf4 12.exf5 g5 13.g4 fxg3 14.Bxg5 gxh2+ 15.Kxh2 Bxf5
16.Bg4 Qd7 17.Bxf5 Nxf5 18.Qg4 Nf6 19.Qh3 Nd4 20.Bxf6 Qxh3+ 21.Kxh3 Rxf6
22.Rxf6 Bxf6 23.Ne4 Bg7 24.Rg1 Rf8 25.Rd1 Nf3 26.c5 dxc5 27.Ndxc5 Bxb2 28.Rb1 Be5
29.Rxb7 Rf4 30.Rxa7 h5 31.Ra6 Rg4 32.Nf6+ Bxf6 33.Rxf6 Ng5+ 34.Kh2 Kg7 35.Rf1  1/2-1/2

[Event "URS-sf"]
[Site "Daugavpils"]
[Date "1989.??.??"]
[Round "?"]
[White "Dautov, Rustem"]
[Black "Ubilava, Elizbar"]
[Result "1-0"]
[WhiteElo "2535"]
[BlackElo "2525"]

1.d4 Nf6 2.c4 g6 3.Nc3 Bg7 4.e4 d6 5.Nf3 O-O 6.Be2 e5 7.O-O Nc6 8.d5 Ne7
9.Nd2 a5 10.a3 Nd7 11.Rb1 f5 12.b4 Nf6 13.f3 Kh8 14.c5 axb4 15.axb4 Bh6 16.Nc4 Neg8
17.Bb2 Ne8 18.b5 b6 19.cxb6 cxb6 20.Na4 Ngf6 21.Kh1 Rb8 22.Bd3 Kg8 23.Bc1 Bxc1
24.Qxc1 f4 25.Naxb6 Nh5 26.Nxc8 Ng3+ 27.Kg1 Nxf1 28.Na7 Nxh2 29.Kxh2 Nf6
30.Kg1 Nh5 31.Nc6 Qh4 32.Nxd6 Ra8 33.Bc4 Ng3 34.Qb2 Qh1+ 35.Kf2 Qh4 36.Kg1 Qh1+
37.Kf2 Qh4 38.Nb7 Ra3 39.d6+ Kg7 40.Nxe5 Kh6  1-0

[Event "URS-sf"]
[Site "Daugavpils"]
[Date "1989.??.??"]
[Round "?"]
[White "Epishin, Vladimir"]
[Black "Akopian, Vladimir"]
[Result "1-0"]
[WhiteElo "2460"]
[BlackElo "2525"]

1.d4 Nf6 2.c4 g6 3.Nc3 Bg7 4.e4 d6 5.Be2 O-O 6.Nf3 e5 7.O-O Nc6 8.d5 Ne7
9.Nd2 Nd7 10.b4 f5 11.c5 Nf6 12.f3 f4 13.Nc4 g5 14.a4 Ng6 15.Ba3 Rf7 16.b5 Bf8
17.b6 cxb6 18.cxd6 Ne8 19.Rc1 Bd7 20.Qb3 h5 21.h3 Rf6 22.a5 Nxd6 23.Nxd6 Bxd6
24.Bxd6 Rxd6 25.Qa3 Qf6 26.a6 bxa6 27.Bxa6 Qe7 28.Rc2 Rf8 29.Nb5 Bxb5 30.Bxb5 Rfd8
31.Rfc1 a5 32.Rc7 Qf6 33.R1c6 Nh8 34.Rb7 Nf7 35.Rcc7 Nh6 36.Bd7 g4 37.fxg4 Qh4
38.Be6+ Kf8 39.Rh7 Ng8 40.Rbf7+  1-0

[Event "URS-sf"]
[Site "Daugavpils"]
[Date "1989.??.??"]
[Round "?"]
[White "Shirov, Alexei"]
[Black "Akopian, Vladimir"]
[Result "1/2-1/2"]
[WhiteElo "2495"]
[BlackElo "2525"]

1.d4 Nf6 2.c4 g6 3.Nc3 Bg7 4.e4 d6 5.Be2 O-O 6.Nf3 e5 7.O-O Nc6 8.d5 Ne7
9.Nd2 Nd7 10.b4 f5 11.c5 Nf6 12.f3 f4 13.Nc4 g5 14.Ba3 Ng6 15.b5 Ne8 16.b6 axb6
17.cxb6 cxb6 18.Qb3 h5 19.Rab1 g4 20.Nxb6 Qh4 21.Nxc8 Rxc8 22.Rfc1 Qg5 23.Nb5 Rd8
24.Nc7 Nxc7 25.Rxc7 Nh4 26.Qd3 Bh6 27.Kh1 Rf6 28.Rg1 Rg6 29.Rxb7 Ra8 30.Rb2 Bf8
31.Bb4 Be7 32.Be1 Bd8 33.Qb5 Rg7 34.Bxh4 Qxh4 35.Qc6 Raa7 36.Qxd6 Qg5 37.Rb8 Rad7
38.Qe6+ Kh7 39.Rd1 Rc7 40.Qe8 Rg8 41.Qb5 Rc2 42.fxg4 hxg4 43.a4 Kh8 44.Qd3 Rc7
45.g3 Rh7 46.Bf1 Rxh2+ 47.Kxh2 Qh6+ 48.Kg1 Bb6+ 49.Rxb6 Qxb6+ 50.Kh1 Qh6+
51.Kg1 Qb6+ 52.Kh1 Qh6+ 53.Kg1  1/2-1/2

[Event "Debrecen"]
[Site "Debrecen"]
[Date "1989.??.??"]
[Round "?"]
[White "Eingorn, Vereslav S"]
[Black "Uhlmann, Wolfgang"]
[Result "1/2-1/2"]
[WhiteElo "2570"]
[BlackElo "2515"]

1.d4 Nf6 2.c4 g6 3.Nc3 Bg7 4.e4 d6 5.Nf3 O-O 6.Be2 e5 7.O-O Nc6 8.d5 Ne7
9.Bg5 h6 10.Bxf6 Bxf6 11.b4 Kh7 12.c5 Ng8 13.a4 dxc5 14.bxc5 Be7 15.Nxe5 Bxc5
16.Nc4 c6 17.Bf3 cxd5 18.exd5 Nf6 19.Qb3 Rb8 20.Rad1 Re8 21.h3 Bd7 22.d6 Re6
23.Nb5 Bxb5 24.axb5 Qd7 25.Bd5 Ree8 26.Qb2 Kg7 27.Bf3 a6 28.b6 Qb5 29.Qa2 Re6
30.d7 Bxb6 31.Nd6 Qxd7 32.Nf5+ gxf5 33.Rxd7 Nxd7 34.Bd5 Rf6 35.Rb1 a5 36.Qa3 Re8
37.Qg3+ Rg6 38.Qf3 Ne5 39.Qxf5 Rf6 40.Qxf6+ Kxf6 41.Rxb6+ Kg7 42.Rxb7 Rd8
43.Bb3 Rd4 44.Rb5  1/2-1/2

[Event "DEN-chB"]
[Site "DEN"]
[Date "1989.??.??"]
[Round "?"]
[White "Bang, Andreas"]
[Black "Stentebjerg Hansen, Per"]
[Result "0-1"]
[WhiteElo "2315"]
[BlackElo "2280"]

1.Nf3 g6 2.c4 Bg7 3.e4 d6 4.d4 Nf6 5.Nc3 O-O 6.Be2 e5 7.O-O Nc6 8.d5 Ne7
9.Ne1 Nd7 10.Nd3 f5 11.Bd2 Nf6 12.f3 Rf7 13.a4 f4 14.a5 Bf8 15.c5 g5 16.cxd6 cxd6
17.Nf2 Rg7 18.Nb5 Kh8 19.Rc1 Neg8 20.Rc3 h5 21.h3 Ne8 22.Qc2 Ngf6 23.Nxa7 Bd7
24.Nb5 Qxa5 25.Na3 Qa7 26.Bb5 g4 27.fxg4 hxg4 28.Bxd7 Rxd7 29.hxg4 Nxg4 30.Rc8 Rd8
31.Rxa8 Rxa8 32.Qd1 Nef6 33.Nb5 Qb6 34.Qe2 Nxf2 35.Rxf2 Ra1+ 36.Kh2 Qxf2  0-1

[Event "DEN-chT8990"]
[Site "DEN"]
[Date "1989.??.??"]
[Round "1"]
[White "Jensen, Rene"]
[Black "Brondum, Eric"]
[Result "0-1"]
[WhiteElo "2295"]
[BlackElo "2245"]

1.d4 Nf6 2.c4 g6 3.Nc3 Bg7 4.e4 d6 5.Be2 O-O 6.Nf3 Nc6 7.O-O e5 8.d5 Ne7
9.Ne1 Nd7 10.Nd3 f5 11.Bd2 Nf6 12.f3 f4 13.g4 h5 14.h3 hxg4 15.hxg4 Kf7 16.Kg2 Rh8
17.Rh1 Rxh1 18.Qxh1 g5 19.Nf2 Ng6 20.Nh3 Nd7 21.Be1 Bf6 22.Bf2 a6 23.b4 b6
24.Qe1 Qh8 25.Bf1 Qh6 26.Kg1 Be7 27.a3 Nf6 28.Qd2 Bd7 29.Ra2 Rh8 30.Be1 Nh4
31.Bxh4 Qxh4 32.Qf2 Qh6 33.Qg2 Qg7 34.Qh1 Rh4 35.Rh2 Bxg4 36.fxg4 Nxg4 37.Ra2 Qh6
38.Nd1 Nf6 39.Qg2 Rg4  0-1

[Event "Dieren op"]
[Site "Dieren"]
[Date "1989.??.??"]
[Round "2"]
[White "Bosman, Michiel"]
[Black "Pirisi, Gabor"]
[Result "0-1"]
[WhiteElo "2330"]
[BlackElo "2390"]

1.Nf3 g6 2.c4 Bg7 3.Nc3 d6 4.d4 Nf6 5.e4 O-O 6.Be2 e5 7.O-O Nc6 8.d5 Ne7
9.Ne1 Nd7 10.Be3 f5 11.f3 f4 12.Bf2 g5 13.b4 Nf6 14.c5 Rf7 15.cxd6 cxd6 16.a4 Bf8
17.Rc1 g4 18.fxg4 Rg7 19.h3 h5 20.g5 Rxg5 21.Bh4 Rg6 22.Bxh5 Nxh5 23.Qxh5 Rh6
24.Qg5+ Kh7 25.Nd3 Bxh3 26.Nxf4 exf4 27.Qxf4 Bg7 28.e5 Bxe5 29.Qf7+ Kh8 30.Bxe7 Qb6+
31.Rf2 Rg8 32.Kf1 Qe3  0-1

[Event "Dortmund (Women)"]
[Site "Dortmund"]
[Date "1989.??.??"]
[Round "3"]
[White "Flear, Christine"]
[Black "Brustman, Agnieszka"]
[Result "0-1"]
[WhiteElo "2170"]
[BlackElo "2300"]

1.d4 Nf6 2.c4 g6 3.Nc3 Bg7 4.e4 d6 5.Be2 O-O 6.Nf3 e5 7.O-O Nc6 8.d5 Ne7
9.Nd2 a5 10.a3 c5 11.Rb1 Kh8 12.b4 axb4 13.axb4 b6 14.bxc5 bxc5 15.Nb3 Ne8
16.Bd2 f5 17.Ra1 Rxa1 18.Qxa1 Ng8 19.Qa8 Nef6 20.f3 Qe7 21.Qc6 Bd7 22.Qb6 Ne8
23.Nb5 Bh6 24.Bxh6 Nxh6 25.Nxd6 Nxd6 26.Nxc5 Bc8 27.Nb3 fxe4 28.fxe4 Rxf1+
29.Bxf1 Nxe4 30.Qe3 Qh4 31.Qf3 Kg7 32.g3 Qg4 33.Qxg4 Nxg4 34.Be2 Ne3 35.Bd3 Bf5
36.Na5 Nc5 37.Be2 Kf6 38.Kf2 Ng4+ 39.Bxg4 Bxg4 40.Ke3 Bd7 41.Ke2 Ke7 42.Kf3 Kd6  0-1

[Event "Dortmund op"]
[Site "Dortmund"]
[Date "1989.??.??"]
[Round "8"]
[White "Van der Sterren, Paul"]
[Black "Vokac, Marek"]
[Result "1/2-1/2"]
[WhiteElo "2500"]
[BlackElo "2445"]

1.d4 d6 2.Nf3 g6 3.c4 Bg7 4.Nc3 Nf6 5.e4 O-O 6.Be2 e5 7.O-O Nc6 8.d5 Ne7
9.Nd2 a5 10.Rb1 c5 11.a3 Ne8 12.b4 axb4 13.axb4 b6 14.bxc5 bxc5 15.Nb3 Kh8
16.Bd2 Ng8 17.Qc2 f5  1/2-1/2

[Event "Edinburgh op"]
[Site "Edinburgh"]
[Date "1989.??.??"]
[Round "?"]
[White "Thomson, Craig S M"]
[Black "Handley, Mike"]
[Result "1/2-1/2"]
[WhiteElo "2345"]
[BlackElo "2205"]

1.d4 Nf6 2.Nf3 g6 3.c4 Bg7 4.Nc3 O-O 5.e4 d6 6.Be2 e5 7.O-O Nc6 8.Be3 Re8
9.dxe5 dxe5 10.h3 Be6 11.Qxd8 Raxd8 12.Nd5 Nxe4 13.Nxc7 Re7 14.Nxe6 Rxe6
15.Rad1 Red6 16.Rxd6 Rxd6 17.Rd1 Nd4 18.Bd3 Nc5 19.Bxd4  1/2-1/2

[Event "Espoo zt"]
[Site "Espoo"]
[Date "1989.??.??"]
[Round "?"]
[White "Schussler, Harry"]
[Black "Mortensen, Erling"]
[Result "0-1"]
[WhiteElo "2540"]
[BlackElo "2475"]

1.d4 Nf6 2.c4 g6 3.Nc3 Bg7 4.e4 d6 5.Nf3 O-O 6.Be2 e5 7.O-O Nc6 8.d5 Ne7
9.Nd2 a5 10.a3 Nd7 11.Rb1 f5 12.b4 Kh8 13.f3 Ng8 14.Nb3 axb4 15.axb4 b6 16.c5 bxc5
17.bxc5 Ndf6 18.Qc2 Nh5 19.g3 Nhf6 20.Bd2 fxe4 21.fxe4 Bh3 22.Rf3 Ng4 23.Nb5 N8h6
24.cxd6 Rxf3 25.Bxf3 cxd6 26.Qc6 Qf8 27.Qc3 Ra4 28.Rc1 Ng8 29.Nc7 Qb8 30.Bxg4 Bxg4
31.Qd3 Nf6 32.Be3 Nxe4 33.Rc4 Rxc4 34.Qxc4 Nf6 35.Nd2 Qb7 36.Bg5 Bh3 37.Qc6 Qa7+  0-1

[Event "FIN-chT"]
[Site "?"]
[Date "1989.??.??"]
[Round "?"]
[White "Kanko, Ilkka"]
[Black "Ristoja, Thomas W"]
[Result "1/2-1/2"]
[WhiteElo "2315"]
[BlackElo "2275"]

1.d4 Nf6 2.c4 g6 3.Nc3 Bg7 4.e4 d6 5.Be2 O-O 6.Nf3 e5 7.O-O Nc6 8.Be3 Ng4
9.Bg5 f6 10.Bh4 g5 11.Bg3 Nh6 12.dxe5 fxe5 13.h3 Nf7 14.Nd2 Nd4 15.Bg4 c6
16.Nb3 Qe7 17.Bxc8 Raxc8 18.Qd3  1/2-1/2